ACC College Logo Quiz - Statistics

General Stats
  • This quiz has been taken 514 times
    431 since last reset
  • The average score is 16 of 17
Answer Stats
Picture Answer % Correct
Clemson Tigers
99%
Duke Blue Devils
98%
California Golden Bears
97%
Miami Hurricanes
97%
Boston College
96%
Florida St Seminoles
96%
Georgia Tech Yellow Jackets
96%
North Carolina Tarheels
96%
Virginia Cavaliers
94%
Virginia Tech Hokies
94%
Louisville Cardinals
93%
Stanford Cardinals
93%
Syracuse Orange
92%
Wake Forest Demon Deacons
91%
Pittsburgh Panthers
89%
North Carolina St Wolfpack
88%
SMU Mustangs
87%
No matching quizzes found
Score Distribution
Percent of People with Each Score
Percentile by Number Answered
Your Score History
You have not taken this quiz since the last reset